Prácticas avanzadas de electrónica
Salvato in:
| Altri autori: | , , , , , , |
|---|---|
| Natura: | Libro |
| Lingua: | Spanish |
| Pubblicazione: |
México:Ediciones Alfaomega
1989
|
| Tags: |
Aggiungi Tag
Nessun Tag, puoi essere il primo ad aggiungerne!!
|
MARC
| LEADER | 00000nam a2200000Ia 4500 | ||
|---|---|---|---|
| 003 | 000746 | ||
| 005 | 20221231144007.0 | ||
| 008 | 140114s1989 mx a 000 ||spa d | ||
| 040 | |c cru CEDI | ||
| 082 | |a 621.381 E65p | ||
| 245 | |a Prácticas avanzadas de electrónica | ||
| 260 | |a México:Ediciones Alfaomega |c 1989 | ||
| 300 | |a 359[28]páginas ; ilustraciones | ||
| 500 | |a Titulo original: Elektronikpraktikum | ||
| 700 | |a Pfeifer, Harry |d Editor |9 19265 | ||
| 700 | |a Ernst, H |9 19259 | ||
| 700 | |a Heink, W |9 19266 | ||
| 700 | |a Jehmlich, W |9 19260 | ||
| 700 | |a Knorr, B |9 19262 | ||
| 700 | |a Praxmarer, W |9 19263 | ||
| 700 | |a Prieto, Luis |d Traductor |9 19264 | ||
| 942 | |2 ddc |c BK | ||
| 999 | |c 15319 |d 15319 | ||
